|
|
|
|
| LEADER |
00746naa a2200217 i 4500 |
| 001 |
misc39092 |
| 005 |
20200430141511.0 |
| 008 |
180510s1990 hu o 0|| hun d |
| 022 |
|
|
|a 0865-0632
|
| 040 |
|
|
|a SZTE Miscellanea Repozitórium
|b hun
|
| 041 |
|
|
|a hun
|
| 041 |
|
|
|a ger
|
| 100 |
1 |
|
|a Ötvös Péter
|
| 245 |
1 |
0 |
|a Árva Wesselényi Anna levele István fiához 1636-ból
|h [elektronikus dokumentum] /
|c Ötvös Péter
|
| 260 |
|
|
|c 1990
|
| 300 |
|
|
|a 101-104
|
| 490 |
0 |
|
|a Lymbus Művelődéstörténeti Tár
|v 2
|
| 695 |
|
|
|a Levelezés - magyar - 17. sz., Wesselényi Anna, Wesselényi István
|
| 700 |
0 |
1 |
|a Wesselényi Anna
|
| 700 |
0 |
1 |
|a Wesselényi István
|
| 856 |
4 |
0 |
|u http://misc.bibl.u-szeged.hu/39092/1/lym_002_101-104.pdf
|z Dokumentum-elérés
|